দিওয়ানে গওছিয়া/ (Record no. 17942)

MARC details
000 -LEADER
fixed length control field 00873nam a22002057a 4500
003 - CONTROL NUMBER IDENTIFIER
control field BDDh-ASL
005 - DATE AND TIME OF LATEST TRANSACTION
control field 20231015025647.0
008 - FIXED-LENGTH DATA ELEMENTS--GENERAL INFORMATION
fixed length control field 200915b1976 ||||| |||| 00| 0 d
040 ## - CATALOGING SOURCE
Original cataloging agency BDDh-ASL
Transcribing agency BDDh-ASL
Modifying agency BDDh-ASL
041 ## - LANGUAGE CODE
Language code of text/sound track or separate title bengali
082 ## - DEWEY DECIMAL CLASSIFICATION NUMBER
Classification number 297
Item number DIW
245 1# - TITLE STATEMENT
Title দিওয়ানে গওছিয়া/
Statement of responsibility, etc. সৈয়দ এ. বি. মাহমুদ হুসেন (অনু:)।
246 ## - VARYING FORM OF TITLE
Title proper/short title Diwane Gouchia
260 ## - PUBLICATION, DISTRIBUTION, ETC.
Place of publication, distribution, etc. ঢাকা:
Name of publisher, distributor, etc. সৈয়দা মালেকা বেগম,
Date of publication, distribution, etc. ১৯৭৬।
300 ## - PHYSICAL DESCRIPTION
Extent ২৩৯ (৬) পৃষ্ঠা:
Dimensions ২২ সে. মি.।
500 ## - GENERAL NOTE
General note নির্ঘন্ট সংযুক্ত।
650 #0 - SUBJECT ADDED ENTRY--TOPICAL TERM
9 (RLIN) 764
Topical term or geographic name entry element সুফী মতবাদ
General subdivision ইসলাম ধর্ম
700 ## - ADDED ENTRY--PERSONAL NAME
9 (RLIN) 763
Personal name হুসেন, সৈয়দ এ. বি. মাহমুদ
942 ## - ADDED ENTRY ELEMENTS (KOHA)
Source of classification or shelving scheme Dewey Decimal Classification
Koha item type Books
Holdings
Withdrawn status Lost status Source of classification or shelving scheme Damaged status Not for loan Collection code Home library Current library Shelving location Date acquired Source of acquisition Total Checkouts Full call number Barcode Date last seen Copy number Price effective from Koha item type
    Dewey Decimal Classification     Non-fiction Asiatic Society Library Asiatic Society Library General Stacks 09/15/2020 Donated by Professor Husniara Huq   297 DIW 101083 09/15/2020 C-1 09/15/2020 Books
    Dewey Decimal Classification     Non-fiction Asiatic Society Library Asiatic Society Library General Stacks 09/16/2020 Complementary   297 DIW 101142 09/16/2020 C-2 09/16/2020 Books

Powered by Koha